Энергетические характеристики вихревых камер; Проблемы геологии и освоения недр

Bibliographic Details
Parent link:Проблемы геологии и освоения недр.— 2004.— С. 808-810
Main Author: Зыков Е. Г.
Other Authors: Василевский М. В. (научный руководитель)
Language:Russian
Published: 2004
Subjects:
Format: MixedMaterials Book Chapter
KOHA link:https://koha.lib.tpu.ru/cgi-bin/koha/opac-detail.pl?biblionumber=213216

MARC

LEADER 00000naa2a2200000 4500
001 213216
005 20231031193046.0
035 |a (RuTPU)RU\TPU\book\232981 
090 |a 213216 
100 |a 20120406d2004 k y0rusy50 ca 
101 0 |a rus 
102 |a RU 
200 1 |a Энергетические характеристики вихревых камер  |f Е. Г. Зыков  |g науч. рук. М. В. Василевский 
320 |a Библиогр.: 1 назв. 
463 0 |0 (RuTPU)RU\TPU\book\77451  |y 5-89503-079-3  |t Проблемы геологии и освоения недр  |o труды Восьмого Международного симпозиума имени ак. М. А. Усова студентов и молодых ученых, посвященного 400-летию г. Томска, 5-9 апреля 2004 г., Томск  |f Администрация г. Томска; Томский политехнический университет  |v С. 808-810  |d 2004  |p 913 с. 
610 1 |a вихревые камеры 
610 1 |a энергетические характеристики 
610 1 |a коэффициенты 
610 1 |a уравнения 
610 1 |a схемы 
610 1 |a соотношения 
610 1 |a труды учёных ТПУ 
700 1 |a Зыков  |b Е. Г. 
702 1 |a Василевский  |b М. В.  |4 727 
801 1 |a RU  |b 63413507  |c 20120406 
942 |c BK